[Event "Turnier 40 / 120"]
[Site "Wien"]
[Date "2022.03.07"]
[Round "10"]
[White "Tasc R30 V 2.5 Aktiv - ARM6 - 30 MHZ"]
[Black "Mephisto Genius 68030 Aktiv - 33 MHZ"]
[Result "1/2-1/2"]
[BlackElo "2252"]
[WhiteElo "2332"]

1. Nf3 Nf6 2. d4 e6 3. c4 b6 4. g3 Bb7 5. Bg2 Be7 6. Nc3 Ne4 7. Bd2 Bf6
{Buchende} 8. O-O O-O 9. Rc1 d6 {Genius 68030 wieder im Buch} 10. d5 Nxd2
{Buchende} 11. Qxd2 {Buchende} Nd7 {Buchbewertung Genius 68030: 0,00} 12.
Nd4 {Buchbewertung Tasc R30: +0,31 / lt. Stockfish ist die Stellung exakt
gleich, 0,00} e5? {ein ganz schwacher Zug, der Weiss bereits ganz klar in
Vorteil bringt, Stockfish +1,60 mit der Fortsetzung Sc6, nötig war Lxd4 mit
Ausgleich} 13. Nc6 Bxc6 14. dxc6 Nc5 15. b4 Ne6 16. e3 a5 17. a3 axb4 18.
axb4 Ra3 19. Qb2 Qa8 20. Ra1 {die Stellung ist bereits verloren für
Schwarz, Stockfish -3,60} Ra6 21. Nd5 Bd8 22. f4 exf4 23. exf4 Re8 24. f5
Nf8 {Stockfish +6,50 für Weiss mit der Fortsetzung b5} 25. f6? {um 3,5
Bauerneinheiten schwächer als b5, Stockfish +3,00 für Weiss} Ng6 26. fxg7
Rxa1 27. Rxa1 Qb8? {um ganze 3 Bauerneinheiten schwächer als Dc8, Stockfish
+5,00 für Weiss mit der Fortsetzung Lh3} 28. Qc3 {ebenfalls um ganze 3
Bauerneinheiten schwächer als Lh3, Stockfish +2,50 für Weiss mit der
Fortsetzung Dc8} Ne5? {der Genius kommt leider nicht auf Dc8, dieser Zug
ist gleich wieder um ganze 2 Bauerneinheiten schlechter, Stockfish +4,50
für Weiss mit der Fortsetzung Lh3} 29. Bh3 Kxg7 30. b5 Bg5 31. Bd7 Rf8 32.
Bf5 Re8 33. h4 Bd2 34. Qc2 Rh8 35. Kg2 Ba5 {die Stellung ist hoffnungslos
für Schwarz, Stockfish -7,50} 36. Qb2 Rd8 37. Qf2 Rg8 38. Qf4 Kh8 39. c5
Qd8 40. cxb6 Bxb6 41. Nxb6 cxb6 42. Ra6 Qf6 43. Kh3 Ng6 44. Bxg6 Qxg6 45.
Rxb6 Qe6+ 46. Kg2 Ra8 47. Ra6 Rxa6 48. bxa6 Qe2+ 49. Kh3 Qe6+ 50. g4 h5 51.
a7 hxg4+ 52. Qxg4 Qe3+ 53. Qg3 Qe6+ 54. Kg2 {Stockfish Matt in 27} Qa2+ 55.
Qf2 Qd5+ 56. Kg1 Qxc6 57. Qf6+ Kg8 58. Qd8+ Kh7 59. a8=Q? {dieser Zug ist
unfassbar und verschenkt den Sieg, danach ist die Partie tatsächlich Remis
trotz 2 Damen für Weiss, der nicht mehr aus dem Schach kommt, Stockfish
0,00} Qc1+ 60. Kf2 Qb2+ 61. Kf3 Qc3+ 62. Kg2 Qb2+ 63. Kh1 Qc1+ 64. Kh2 Qf4+
65. Kh3 {Tasc R30: 0,00 erkennt hier das Remis} Qe3+ 66. Kg2 Qe2+ 67. Kg3
Qe5+ 68. Kg4 Qd4+ 69. Kh5 Qe5+ 70. Qg5 Qe2+ 71. Qg4 Qe5+ 72. Qg5 Qe2+ 73.
Qg4 Qe5+ 74. Qg5 {Stellungswiederholung} 1/2-1/2
[/pgn]
[pgn]

[Event "Turnier 40 / 120"]
[Site "Wien"]
[Date "2022.03.08"]
[Round "11"]
[White "Mephisto Genius 68030 Aktiv - 33 MHZ"]
[Black "Tasc R30 V 2.5 Aktiv - ARM6 - 30 MHZ"]
[Result "1/2-1/2"]
[BlackElo "2332"]
[WhiteElo "2252"]

1. d4 Nf6 2. c4 e5 3. dxe5 Ng4 4. Bf4 Nc6 5. Nf3 Bb4+ 6. Nbd2 Qe7 7. e3
Ngxe5 8. Nxe5 Nxe5 9. Be2 O-O 10. O-O Bxd2 11. Qxd2 d6 12. b4 a5 13. a3
{Buchende} Rd8 {Buchende} 14. b5 {Buchbewertung Mephisto Genius 68030:
+0,45} Bf5 {Buchbewertung Tasc R30: -0,45 / lt. Stockfish steht Weiss knapp
besser mit ca. +0,40} 15. Qd5 c6 {deutlich besser ist b6 mit Ausgleich,
nach dem Textzug ist Weiss im Vorteil mit ca. +1,00} 16. Qd4 c5 17. Qc3 Qf6
18. Rac1 Qe7 19. Rfd1 b6 20. Rd2 Re8 21. Bf3? {ein ganz schlechter Zug, der
jeglichen Vorteil verspielt, gibt das starke Läuferpaar ab und lenkt in ein
Spiel mit ungleichen Läufern ein, Stockfish 0,00} Nxf3+ 22. gxf3 Rad8 23.
Rcd1 Bh3 24. Rd5 f6 25. Bg3 Qf7 26. Rxd6 Qh5 27. Qd3 Rxd6 28. Qxd6 Qxf3 29.
Qd5+ Qxd5 30. cxd5 Rc8 31. a4 c4 32. f3 c3 33. e4 Rc4 34. Bf2 Rxa4 35. Bxb6
Rb4 36. Rc1 Rxb5 37. Bd4 Rb2 38. Rxc3 Rg2+ 39. Kh1 Ra2 40. Kg1 a4 41. Bc5
Kf7 42. Ra3 Rg2+ 43. Kh1 Rc2 44. Bd4 Bd7 45. Kg1 Bb5 46. h4 h5 {die
Stellung ist Remis, Stockfish 0,00} 47. Be3 Ke7 48. Ra1 Kd7 49. Rb1 Rc3 50.
Rxb5 Rxe3 51. Kf2 Rc3 52. Ra5 a3 53. Ra7+ Kd6 54. Rxg7 Rc7 55. Rg1 a2 56.
Ra1 Ra7 57. Ke3 f5 58. Kf4 fxe4 59. fxe4 Ra5 60. Kf5 Ra8 61. Kf6 Ra7 62.
e5+ Kxd5 63. e6 Ra6 64. Kf7 Rxe6 65. Rxa2 Re5 {Userentscheid: Remis}
1/2-1/2
[/pgn]
[pgn]

[Event "Turnier 40 / 120"]
[Site "Wien"]
[Date "2022.03.09"]
[Round "12"]
[White "Tasc R 30 V 2.5 Aktiv - ARM 6 - 30 MHZ"]
[Black "Mephisto Genius 68030 Aktiv - 33 MHZ"]
[Result "0-1"]
[BlackElo "2252"]
[WhiteElo "2332"]

1. d4 Nf6 2. c4 g6 3. Nc3 Bg7 4. e4 d6 5. Be2 O-O 6. Bg5 c5 7. dxc5 Qa5
{Buchende} 8. Bd2 Qxc5 {Buchbewertung Mephisto Genius 68030: +0,30} 9. Nf3
{Buchende} Nc6 10. O-O {Buchbewertung Tasc R30: +0,29 / lt. Stockfish steht
Weiss knapp besser mit ca. +0,20} Ng4 11. Qb3 Bd4? {ein ganz schwacher Zug,
der Weiss klar in Vorteil bringt, Stockfish +1,80 mit der Fortsetzung Sxd4,
deutlich besser war Sge5 mit Ausgleich} 12. Nxd4 Nxd4 13. Qd1 Nxe2+ 14.
Qxe2 Qe5 15. f4 Qc5+ 16. Kh1 Qh5 17. h3 Nf6 18. Qd3 Be6 19. f5 gxf5? {ein
ganz schwacher Zug, der die Partie bereits klar verliert, Stockfish +5,00
für Weiss, um ganze 3 Bauerneinheiten besser war Ld7} 20. exf5 Bd7 21. Rae1
Rfe8 22. Kg1 Bc6 {Stockfish +6,00 für Weiss} 23. Qd4 {deutlich schwächer
als Se2, Weiss steht aber klar auf Gewinn, Stockfish +3,50} Nd7 24. b4 b6
25. Ne2? {um ganze 2 Bauerneinheiten schwächer als Te3, Stockfish "nur"
noch +1,50 für Weiss mit der Fortsetzung f6} f6 26. Nf4 Qg5? {ein absoluter
Verlustzug, Stockfish +6,00 für Weiss mit der Fortsetzung c5, nötig war Df7
und Kampf ist noch möglich} 27. b5 {deutlich schwächer als c5, Weiss steht
aber klar auf Gewinn, Stockfish +4,50 für Weiss} Bb7 28. g4? {um ganze 4
Bauerneinheiten !! schlechter als Te4, verspielt nahezu den gesamten
Vorteil, Stockfish nur noch +0,70 für Weiss mit der Fortsetzung Dh4} Qh4
29. Re3 Ne5 30. Ne6 Rec8 {besser ist Kf7, Stockfish +1,60 für Weiss mit der
Fortsetzung c5} 31. c5! {ein starker Zug, diesmal nützt der Tasc R30 die
Möglichkeit, Vorteil zu erlangen, Stockfish +1,70} bxc5? {ein Verlustzug,
deutlich schwächer als Txc5, danach ist Schwarz bereits verloren, Stockfish
+4,00 für Weiss mit der Fortsetzung Df4} 32. Qf4 Nf7 33. Ra3? {ein ganz
schwacher Zug, der nahezu einen Grossteil des Vorteils neuerlich verspielt,
Stockfish nur noch +1,20 für Weiss, gewonnen hätte, Le1, Dh6, und dann der
Vorstoss g5 und Schwarz kann aufgeben} Bd5 {deutlich besser ist c4, nach
diesem Zug steht Weiss wieder klar auf Gewinn, Stockfish +3,00 für Weiss}
34. Qe3 Bc4 35. Rb1? {diese Stellung überfordert beide Geräte hoffnungslos,
hier pausiere ich die Kommentare man müsste sonst praktisch jeden Zug
kommentieren, dieser Zug verspielt praktisch den gesamten Vorteil,
Stockfish nur noch +0,30 für Weiss mit der Fortsetzung Lxe6, nötig war Tf4
und Weiss gewinnt.} Bxe6 36. Qxe6 Kf8 37. Rbb3 Rd8 38. Qd5 h5 39. b6?
{verschenkt neuerlich den Sieg, gewonnen hätte gxh5, nach dem Textzug ist
die Stellung wieder im Lot} hxg4 40. Rxa7 Rab8 41. Qe6 Re8 42. Qe4?
{deutlich besser ist T7a3 mit Ausgleich, nach dem Textzug steht Schwarz
bereits besser, Stockfish +1,70 mit der Fortsetzung Se5} Ne5 43. hxg4 c4
44. Be1 Qxg4+? {um 2,5 Bauerneinheiten !! schlechter als Dh7, die Stellung
ist wieder im Lot} 45. Qxg4 Nxg4 46. Rb5 Ne5? {verliert die Partie gegen
die Fortsetzung Tc7, Stockfish +2,00 für Weiss, nötig war Kf7 und alles ist
exakt im Lot} 47. b7? {der Tasc R30 kann neuerlich die Chance nicht
ergreifen, die Stellung ist wieder im Lot} Kf7 48. Kf1 Nc6 49. Ra4 Nd4 50.
Rbb4 Nxf5 51. Bf2 d5 52. Ba7 {Stockfish 0,00, die Stellung ist im Lot} Nd6
53. Bxb8 Rxb8 54. Ra7 d4 55. Ke2 d3+ 56. Ke3 f5 57. Rb1 e5 58. Ra8? {ein
absoluter Verlustzug, der die Partie sofort verliert, Stockfish +8,00 für
Schwarz mit der Fortsetzung f4+} f4+ 59. Kd2 Rxb7 60. Rxb7+ Nxb7 61. Ra7 e4
62. Rxb7+ {gegen diese Bauernfront ist kein Kraut mehr gewachsen, Stockfish
+13,00 für Schwarz, der Tasc R 30 sieht sich hier noch mit +1,29 im
Vorteil} Ke6 {Genius 68030: sieht sich schon im Vorteil +1,21} 63. Rc7 e3+
64. Ke1 Kd5 65. a4 f3 66. Rd7+ Ke4 {Stockfish Matt in 15} 67. Re7+ Kd4 68.
Rf7 c3 69. Rf4+ Kd5 70. Rxf3 c2 71. Rxe3 c1=Q+ {Matt in 8, Rest geschenkt}
0-1
[/pgn]
[pgn]

[Event "Turnier 40 / 120"]
[Site "Wien"]
[Date "2022.03.10"]
[Round "13"]
[White "Mephisto Genius 68030 Aktiv - 33 MHZ"]
[Black "Tasc R30 V 2.5 Aktiv - ARM6 - 30 MHZ"]
[Result "1/2-1/2"]
[BlackElo "2332"]
[WhiteElo "2252"]

1. e4 Nf6 2. e5 Nd5 3. d4 d6 {Buchende} 4. c4 Nb6 {Buchbewertung Tasc R30:
-0,64} 5. exd6 exd6 6. Nf3 {Buchende} Nc6 7. Be2 {Buchbewertung Mephisto
Genius 68030: -0,18 / lt. Stockfish steht Weiss etwas besser mit ca. +0,60}
Bf5 8. O-O Be7 9. Nc3 O-O 10. d5 Ne5 11. Nd4 Bd7 12. b3 Bf6 13. Bh5 c5 14.
dxc6 Nxc6 15. Be3 Re8 {besser ist Sxd4, Stockfish +1,20 für Weiss mit der
Fortsetzung Sdb5} 16. Ndb5 Be5 17. Rc1 Bf5 18. f4 Bxc3 19. Rxc3 d5 20. Bc5
Re6 21. Re1 {ein schwacher Zug, danach ist die Stellung exakt im Lot,
Stockfish 0,00, klaren Vorteil versprach g4 mit ca. +1,50 für Weiss} Rxe1+
22. Qxe1 dxc4 23. Nd6 Bg6 24. Nxb7 {dieser Zug verspielt den Vorteil wieder
die Stellung ist im Lot, Vorteil für Weiss hätte Te3 versprochen} Qd7 25.
Bxg6 hxg6 26. Nd6 cxb3 27. axb3 Nd5 28. Rf3 Nd4 29. Bxd4 Qxd6 30. Qe4 Qc6
31. f5 Re8 32. Qb1 {deutlich besser ist Dh4, nach dem Textzug bietet sich
Schwarz die Gelegenheit mittels g5 in Vorteil zu kommen, Stockfish +1,30
für Schwarz} gxf5 {dieser Zug bringt keinen Vorteil für Schwarz, die
Stellung ist wieder im Lot, Stockfish 0,00} 33. Qxf5 Re7 34. Rf1 a5 35. Qf3
f6 36. Rd1 Nb4 37. Qxc6 Nxc6 38. Bc5 Re2 39. Rc1 Ne5 40. Bb6 Rb2 41. Bxa5
Rxb3 42. h3 Nd3 {die Partie ist wohl Remis, keine Freibauern, alles nur am
Königsflügel, da ist nichts mehr möglich.} 43. Rc3 Rxc3 44. Bxc3
{Userentscheid: Remis} 1/2-1/2
[/pgn]
[pgn]

[Event "Turnier 40 / 120"]
[Site "Wien"]
[Date "2022.03.11"]
[Round "14"]
[White "Tasc R30 V 2.5 Aktiv - ARM 6 - 30 MHZ"]
[Black "Mephisto Genius 68030 Aktiv - 33 MHZ"]
[Result "1-0"]
[BlackElo "2252"]
[WhiteElo "2332"]

1. b3 e5 2. Bb2 Nc6 3. e3 Nf6 4. Bb5 {Buchende} d6 {Buchende} 5. Nf3
{Buchbewertung Tasc R30: -0,12} Be7 {Buchbewertung Mephisto Genius 68030:
+0,30 / lt. Stockfish ist die Stellung exakt gleich 0,00} 6. O-O Bg4 7.
Bxc6+ bxc6 8. Nc3 O-O 9. h3 Bh5 10. d3 Qb8 11. g4 Bg6 12. Qd2 Nd5 13. e4
Nf4 14. d4? {ein Verlustzug, Stockfish +4,00 für Schwarz mit der
Fortsetzung Dc8, nötig war Kh2 mit Ausgleich} f6 {um 2,5 Bauerneinheiten
schwächer als Dc8, Schwarz steht trotzdem noch klar besser mit ca. +1,30}
15. Kh2 Qb4 16. a4 c5 17. Ba3 Qb7 18. d5 c6 {Schwarz steht nur noch etwas
besser mit ca. +0,60} 19. Nh4 cxd5 {etwas besser ist f5, nach dem Textzug
ist die Stellung im Lot} 20. Nxg6 hxg6 21. Nxd5 Nxd5 22. exd5? {ein
schwacher Zug, der Schwarz klar in Vorteil bringt, nötig war Dxd5, nach dem
Textzug ist Schwarz im Vorteil mit ca. +2,30 mit der Fortsetzung f5} Rab8
{schwächer als f5, Stockfish +1,20 für Schwarz} 23. f4 g5? {ein schwacher
Zug, der den gesamten Vorteil abgibt, Stockfish 0,00, nötig war exf4 mit
klarem Vorteil für Schwarz} 24. f5 Kf7 25. Rf3 Rh8 26. c4 Bd8 27. a5 Bc7
28. Bb2 a6 {Weiss steht bereits etwas besser, Stockfish +0,46} 29. Re3 Qc8
30. Qd3 Qd8 31. Qc3 Qg8 32. Qc2 Qh7 33. Bc3 Rb7 34. Rf1 Rhb8 35. Bd2 Qh4
36. Be1 Qh8 37. Qa2 Ke7 38. Rff3 Qe8 39. Qc2 Qf7 40. Bd2 Rh8 41. Rf1 Qg8
42. Rb1 Qb8 43. Qa2 Qe8 44. b4 cxb4 45. Bxb4 Qd7? {ein Verlustzug,
Stockfish +3,00 für Weiss mit der Fortsetzung c5, nötig war Kf7 und alles
ist im Lot} 46. c5 dxc5 {nochmals ganze 6 Bauerneinheiten !!! schlechter
als Txb4, danach ist es vorbei} 47. Bxc5+ Bd6 48. Bxd6+ Kxd6 {Stockfish
Matt in 16} 49. Rc3 Ke7 50. d6+ Kf8 51. Qe6 g6 {Mephisto Genius 68030:
-11,6 ------|> augegeben !} 1-0
[/pgn]
[pgn]

[Event "Turnier 40 / 120"]
[Site "Wien"]
[Date "2022.03.11"]
[Round "15"]
[White "Mephisto Genius 68030 Aktiv - 33 MHZ"]
[Black "Tasc R30 V 2.5 Aktiv - ARM6 - 30 MHZ"]
[Result "1-0"]
[BlackElo "2332"]
[WhiteElo "2252"]

1. e4 Nf6 2. e5 Nd5 {Buchende} 3. c4 Nb6 {Buchbewertung Tasc R30: -0,59} 4.
d4 d6 5. exd6 exd6 6. Nc3 Be7 7. Bd3 Nc6 8. Nf3 {Buchende} Bf6 9. Qe2+
{Buchbewertung Mephisto Genius 68030: +0,27 / lt. Stockfish steht Weiss
etwas besser mit ca. +0,80} Qe7 10. Nb5 Qxe2+ 11. Bxe2 Kd8 {besser ist Ld8,
nach dem Textzug ist Weiss etwas im Vorteil mit ca. +0,70} 12. Bg5 Bxg5 13.
Nxg5 Rf8 14. c5 Nd5 15. cxd6 cxd6 16. Bf3 Be6 {ein schwacher Zug, der Weiss
in Vorteil bringt, Stockfish +1,50 mit der Fortsetzung Sxh7, deutlich
besser war f6 mit nur geringem Vorteil für Weiss} 17. Nxh7 Rh8 18. Ng5 Kd7
19. O-O {besser ist Sxe6, gefolgt von Lxd5} a6 20. Nc3 Nxc3 21. bxc3 Bc4
22. Rfe1 Rae8 23. a4 f5 24. g3 Rxe1+ 25. Rxe1 Re8 {deutlich besser ist Se7,
nach dem Textzug ist Weiss bereits mit +2,00 im Vorteil} 26. Rxe8 Kxe8 27.
Bxc6+ bxc6 28. a5? {deutlich besser ist Sf3, Stockfish +1,00 für Weiss} c5?
{deutlich besser ist Kd7, nach dem Textzug ist Schwarz bereits verloren,
Stockfish -2,50} 29. dxc5 dxc5 30. Nf3 Bd5 31. Ne5 c4 {deutlich besser ist
Ke7, nach dem Textzug ist Schwarz wohl schon verloren, Stockfish -6,00} 32.
f4? {deutlich schwächer als Kf1, Weiss steht aber klar auf Gewinn,
Stockfish +4,00} Ke7 33. g4? {was bitte soll das sein, ein unglaublich
schwacher Zug, der den Sieg ernsthaft gefährdet, Stockfish nur noch +0,80
für Weiss, nötig war natürlich Kf2-Ke3 und Schwarz kann aufgeben} fxg4 34.
Nxg4 Kd6 35. Ne3 Be6? {verliert die Partie, Stockfish +6,00 für Weiss mit
der Fortsetzung Kf2, nötig war Le4 mit ca. +1,20 für Weiss.} 36. Kf2 Kc5
37. Nc2 Bd7 38. Nd4 Kd5 39. Kf3 Bc8 40. Ke3 Bd7 41. f5 Ke5 42. Ne6 Kxf5 43.
Nc7 Bc8 44. Kd4 Kg4 45. Ne8 g5 46. Nd6 Be6 {Stockfish +7,00 für Weiss} 47.
Ke5 Bg8 48. Ne4 Kh4 49. Nc5 Kh3 50. Nxa6 g4 51. Nb4 Kxh2 52. a6 g3 53. Nc2
g2 54. Ne1 Bf7 55. Nxg2 {Stockfish Matt in 16, Rest geschenkt} 1-0
[/pgn]
[pgn]

[Event "Turnier 40 / 120 "]
[Site "Wien"]
[Date "2022.03.12"]
[Round "16"]
[White "Tasc R30 V 2.5 Aktiv - ARM6 - 30 MHZ"]
[Black "Mephisto Genius 68030 Aktiv - 33 MHZ"]
[Result "1/2-1/2"]
[BlackElo "2252"]
[WhiteElo "2332"]

1. c4 e5 2. Nf3 Nc6 3. Nc3 Nf6 4. g3 d5 5. cxd5 Nxd5 6. Bg2 Nb6 7. d3 Be7
{Buchende} 8. a3 O-O 9. O-O Be6 {Genius 68030 wieder im Buch} 10. b4 a5 11.
b5 Nd4 12. Nd2 c6 13. bxc6 Nxc6 14. Bb2 a4 15. Rc1 {Buchende} Ra5 16. Bxc6
{Buchbewertung Tasc R30: -0,82, der erste berechnete Zug ist gleich nicht
ideal, den starken Fianchettoläufer herzugeben ist keine gute Idee,
Stockfish +1,00 für Schwarz, deutlich besser war Tb1 mit Ausgleich} bxc6
17. Qc2 Qd7 18. Rfe1 Rb8 19. e3? {ein schwacher Zug, der Schwarz bereits
klar in Vorteil bringt, Stockfish +2,00 mit der Fortsetzung Lf5, besser ist
Sce4} Rd8 {etwas schwächer als Lf5, Schwarz bleibt aber im Vorteil mit ca.
+1,50} 20. d4 c5 21. d5 Bxd5? {eindeutig die falsche Schlagoption,
verspielt einen Grossteil des Vorteils, Stockfish nur noch +0,80 für
Schwarz, besser war natürlich Sxd5} 22. Nxd5 Qxd5 23. Red1 f6 {besser ist
Td7, nach dem Textzug ist die Stellung im Lot mit der Fortsetzung Sc4} 24.
Nc4 Qxc4 25. Rxd8+ Bxd8 26. Qd2 Qb3 27. Rc3? {ein schlechter Zug, der
Schwarz wieder klar in Vorteil bringt, nötig war natürlich Dxd8 und die
Stellung ist Remis, nach dem Textzug ist Schwarz mit ca. +1,50 im Vorteil}
Qb5 28. Qxd8+ Kf7 29. Rc2 {besser ist Dc7+, nach dem Textzug ist Schwarz
bereits mit +2,00 im Vorteil mit der Fortsetzung Ta7} Ra7 30. Qd1 g6 31.
Qc1 Rc7 32. e4 Nd7 33. Qd1 Qb3 34. Qe2 h5 {deutlich besser ist c4,
Stockfish +1,00 für Schwarz} 35. Rc3 Qa2 36. f4 Kg7 37. Rc4 h4 38. Kf2 Qb3
39. Rc3? {ein ganz schwacher Zug, der Weiss schon auf die Verliererstrasse
bringt, Stockfish +2,70 für Schwarz mit der Fortsetzung De6, nötig war f5
mit ca. +1,00 für Schwarz} Qb6 {deutlich schwächer als De6, Stockfish +1,60
für Schwarz} 40. Kg2 hxg3 41. hxg3 c4 42. Rc1 Qb3 43. Rc3 Qb5 44. Rc1 Qc5
{Weiss konnte seine Stellung konsolidieren, Stockfish nur noch +0,50 für
Schwarz} 45. Qd2 {deutlich besser ist Tc2, Stockfish +1,70 für Schwarz mit
der Fortsetzung Dc6} Qc6 46. Qd5 Qxd5 47. exd5 Rc5 48. Kf3 Kf7 49. fxe5
fxe5 50. Ke2 Kf6 51. g4 {deutlich besser ist La1, nach dem Textzug wächst
der Schwarze Vorteil auf +2,50} Nb6 52. Rf1+ Kg5 53. Bc1+ Kxg4 54. Be3 Rb5
55. Bxb6 Rxb6 56. Rc1 Kf5? {ein ganz schlechter Zug, der nahezu den
gesamten Vorteil verspielt, nach Tb2+ hätte Weiss schon aufgeben können,
das hätte Stockfish schon mit +4,00 für Schwarz bewertet, nach dem Textzug
ist Schwarz nur noch mit ca. +1,00 im Vorteil} 57. Rxc4 Rb2+ 58. Ke1 Rb5
59. Rxa4 Rxd5 60. Ra8 g5 61. a4 g4? {nach diesem Zug ist die Partie bereits
Remis, Stockfish 0,00, Vorteil versprach Kf4} 62. a5? {deutlich besser ist
Kf2, nach dem Textzug ist Schwarz wieder mit +1,30 im Vorteil} Kf4 63. Ke2
g3 {dieser Vorstoss ist verfrüht, die Partie ist wieder Remis, Vorteil
versprach Tc5} 64. a6 Ra5 65. a7 Ra2+ 66. Kf1 Ke4 67. Kg1 Ke3 68. Kh1 Rh2+
69. Kg1 Rh7 70. Kg2 Rg7 71. Re8 Rxa7 72. Rxe5+ {Userentscheid: Remis}
1/2-1/2
[/pgn]
[pgn]

[Event "Turnier 40 / 120"]
[Site "Wien"]
[Date "2022.03.13"]
[Round "17"]
[White "Mephisto Genius 68030 Aktiv - 33 MHZ"]
[Black "Tasc R30 V 2.5 Aktiv - ARM6 - 30 MHZ"]
[Result "1/2-1/2"]
[BlackElo "2332"]
[WhiteElo "2252"]

1. e4 c5 2. Nf3 d6 3. d4 cxd4 4. Nxd4 Nf6 5. Nc3 Nc6 6. Bg5 e6 7. Qd2 Be7
8. O-O-O O-O {Buchende} 9. Nb3 {Buchende} h6 {Buchbewertung Tasc R30:
-0,62} 10. Bxf6 {Buchbewertung Genius 68030: +0,54 / lt. Stockfish steht
Weiss etwas besser mit ca. +0,30} Bxf6 11. f4 e5 12. Nd5 exf4 13. Nxf6+
Qxf6 14. Qxd6? {besser ist Lb5, nach dem Textzug ist Schwarz klar im
Vorteil mit ca. +2,00} Be6 15. Be2 Rad8 16. Qc7? {ein weiterer schwacher
Zug, danach ist Weiss bereits verloren, Stockfish +3,50 für Schwarz mit der
Fortsetzung Tc8} Qg5 {schwächer als Tc8, Schwarz bleibt aber klar im
Vorteil mit ca. +1,80} 17. Bf3 Rb8 18. Kb1 Rfc8 19. Qd6 {Schwarz steht klar
besser, der Tasc R30 sieht aber keinen Vorteil und lenkt in der Folge in
ein Remis durch Stellungswiederholung ein.} Rd8 20. Qc7 Rdc8 21. Qd6 Rd8
22. Qc7 Rdc8 {Stellungswiederholung} 1/2-1/2
[/pgn]
[pgn]